| 000 | 00631nam a2200205 i 4500 | ||
|---|---|---|---|
| 001 | 80848 | ||
| 003 | ES-MaACL | ||
| 005 | 20250824205545.0 | ||
| 007 | t| | ||
| 008 | 041029s1968 sp ||||1| spa d | ||
| 100 | 1 |
_aHoria, Vintila ( _d1915-1992) _964193 |
|
| 245 | 1 | 0 |
_aDiario de un campesino del Danubio / _cVintila Horia ; [traducción, Manuel García Viñó]. |
| 260 |
_aBarcelona : _bG.P., _c[1968] |
||
| 300 |
_a308 p. ; _c18 cm. |
||
| 490 | 1 |
_aLibro Documento ; _v69 |
|
| 700 | 1 |
_aGarcía Viñó, M. _955416 |
|
| 830 | 0 | 0 |
_aLibro documento _v69 _9183682 |
| 852 |
_aES-MaACL _jC-35371 _bR.68412 |
||
| 999 |
_c80848 _d80848 |
||